Biblioteca y Centro de Documentación

Cahiers français (Registro nro. 49992)

Detalles MARC
000 -CABECERA
Longitud fija campo de control 01188nas a2200313 c 4500
001 - NÚMERO DE CONTROL
Número de control 49992
003 - IDENTIFICADOR DE NÚMERO DE CONTROL
Identificador del número de control ES-MaCES
005 - FECHA Y HORA DE LA ÚLTIMA TRANSACCIÓN
Fecha y hora de la última transacción 20250312125707.0
007 - PHYSICAL DESCRIPTION FIXED FIELD--GENERAL INFORMAT
Campo fijo de descripción física cr |||||||||||
008 - CAMPO FIJO DE DESCRIPCIÓN FIJA--INFORMACIÓN GENERAL
Códigos de información de longitud fija   171002c1956 fr br|p|||||| 0||||0fre d
022 ## - ISSN (INTERNATIONAL STANDARD SERIAL NUMBER)
Número Internacional Normalizado para Publicaciones Seriadas 0008-0217
040 0# - FUENTE DE CATALOGACIÓN
Centro catalogador de origen ES-MaCES
Lengua de catalogación spa
Centro transcriptor ES-MaCES
245 00 - MENCIÓN DE TÍTULO
Título Cahiers français
260 ## - PUBLICACIÓN, DISTRIBUCIÓN, ETC (PIE DE IMPRENTA)
Lugar de publicación, distribución, etc. Paris
Nombre del editor, distribuidor, etc. La documentation Française
Fecha de publicación, distribución, etc. [1956]-
300 ## - DESCRIPCIÓN FÍSICA
Extensión v.
Dimensiones 27 cm.
310 ## - PERIODICIDAD ACTUAL DE LA PUBLICACIÓN
Periodicidad actual Bimestral
500 ## - NOTA GENERAL
Nota general Título tomado de la cubierta.
541 ## - NOTA DE LA FUENTE INMEDIANTE DE ADQUISICIÓN
Forma de adquisición Compra
650 #4 - ASIENTO SECUNDARIO DE MATERIA--TÉRMINO DE MATERIA
9 (RLIN) 26781
Término de materia o nombre geográfico como elemento inicial economía
650 #4 - ASIENTO SECUNDARIO DE MATERIA--TÉRMINO DE MATERIA
9 (RLIN) 27246
Término de materia o nombre geográfico como elemento inicial política
650 #4 - ASIENTO SECUNDARIO DE MATERIA--TÉRMINO DE MATERIA
9 (RLIN) 27269
Término de materia o nombre geográfico como elemento inicial sociedad
653 10 - TÉRMINO DE INDEXACIÓN--NO CONTROLADO
Término no controlado Economía
780 05 - ENTRADA ANTERIOR
Título Problèmes économiques : sélection d'articles français et étrangers
Número de control del registro relacionado (ES-MaCES)25207
856 4# - ACCESO ELECTRÓNICO
Identificador Uniforme del Recurso (URI) https://www.vie-publique.fr/recherche?search_api_fulltext=%22Cahiers%20fran%C3%A7ais%22&sort_by=field_update_date_and_hour&search_api_fulltext_1=Cahiers%20fran%C3%A7ais&f[0]=categories:collection_number
Texto del enlace texto completo desde n. 371 (2012)
Nota pública Acceso para usuarios registrados
866 ## - FUENTES TEXTUALES--UNIDAD BIBLIOGRÁFICA BÁSICA
Holdings textuales (2016-2018)2022-
Nota pública Ubicación: DEPÓSITO - 55/1147
-- Ubicación: SALA - REV.-0.0.-11
905 ## - CES. DATOS REVISTA
Formato P
Kardex
Proceso A
942 ## - ELEMENTOS KOHA
Fuente de clasificaión o esquema Clasificación propia del CES
Koha [por defecto] tipo de item Periódicas
Parte de clasificación Economía
Existencias
Serie de enumeración ; cronología Número de registro Préstamos totales Tipo de item de Koha Prestado Fecha último préstamo Renovaciones totales
nº 399 (juil.-août 2017) 089507   Periódicas      
nº 400 (sept.-oct. 2017) 089508   Periódicas      
nº 392 (mai-juin 2016) 089509 1 Periódicas 09/05/2018 01/03/2018  
nº 401 (nov.-déc. 2017) 089663   Periódicas      
nº 402 (janv.-févr. 2018) 089891   Periódicas      
nº 403 (mars-avril 2018) 090114   Periódicas      
nº 404 (mai-juin 2018) 090454   Periódicas      
nº 407 (nov.-déc. 2018) 091755 1 Periódicas 24/02/2020 18/09/2019 1
nº 425 (jan.-fév. 2022) 095205   Periódicas      
nº 426 (mars-avril 2022) 095206   Periódicas      
nº 427 (mai-juin 2022) 095207   Periódicas      
nº 428 (juil.-août. 2022) 095208   Periódicas      
nº 429 (sept.-oct. 2022) 095209   Periódicas      
nº 430 (nov.-déc. 2022) 095210   Periódicas      
nº 431 (jan.-fév. 2023) 095211   Periódicas      
nº 432 (mars-avril 2023) 095212   Periódicas      
nº 433 (mai-juin 2023) 095213   Periódicas      
nº 434 (juil.-août 2023) 095214   Periódicas      
nº 435 (sept.-oct. 2023) 095215   Periódicas      
nº 436 (nov.-déc. 2023) 095216   Periódicas      
nº 437 (jan.-fév. 2024) 095217   Periódicas      
nº 438 (mars-avril 2024) 095218   Periódicas      
nº 439 (mai-juin 2024) 095219   Periódicas      
nº 440 (juil.-août 2024) 095220   Periódicas      
nº 441 (sept.-oct. 2024) 095221   Periódicas      
nº 442 (Nov. 2024) 095347   Periódicas      
nº 448 (nov-dec 2025) 203482   Periódicas      
nº 443 (ene-feb 2025) 203483   Periódicas      
nº 444 (mar-abril 2025) 203484   Periódicas      
nº 445 (may-jun 2025) 203485   Periódicas      
nº 446 (jul-ago 2025) 203486   Periódicas      
nº 447 (sep-oct 2025) 203487   Periódicas      
nº 449 (ene. 2026) 203882   Periódicas      
© CES, Consejo Económico y Social de España 2021